[Event "GER-ch51 V08 email"]
[Site "GER email"]
[Date "2019.04.14"]
[Round "?"]
[White "Fritsche, Frank"]
[Black "Wurtinger, Rainer"]
[Result "1/2-1/2"]
[WhiteElo "2383"]
[BlackElo "2304"]
[PlyCount "119"]
[EventDate "2019.??.??"]
[EventType "tourn (corr)"]
[EventRounds "10"]
[EventCountry "GER"]
[SourceTitle "Corr 2022"]
[Source "ChessBase"]
[SourceDate "2021.10.24"]
[SourceVersion "1"]
[SourceVersionDate "2021.10.24"]
[SourceQuality "1"]

1. e4 c5 2. Nc3 Nc6 3. f4 g6 4. Nf3 Bg7 5. Bb5 Nd4 6. 0-0 Nxb5 7. Nxb5 d6 8. d3 a6 9. Nc3 b5 10. Qe1 Bb7 11. Rb1 Nf6 12. a3 Qd7 13. h3 0-0 14. Qh4 e6 15. Bd2 Rac8 16. Rbe1 b4 17. Ne2 Qa4 18. axb4 Qxc2 19. Bc3 Nh5 20. g4 cxb4 21. Bxg7 Nxg7 22. Ng5 h5 23. gxh5 gxh5 24. f5 exf5 25. Nf4 Qxb2 26. Re2 Qd4+ 27. Kh2 fxe4 28. dxe4 f6 29. Nf3 Qc4 30. Nd2 Qc3 31. Rg2 Rc5 32. Rf3 Qe5 33. Rfg3 Rf7 34. Nd3 Qc3 35. Nxc5 Qxc5 36. Nf3 Qc4 37. Qxh5 Bxe4 38. Qh6 Qc7 39. Qf4 Qe7 40. Rg1 a5 41. Nd2 f5 42. Nxe4 fxe4 43. Qg4 e3 44. Re1 Rf2+ 45. Kg1 Qf6 46. Qe4 e2 47. Rxe2 Rxe2 48. Qxe2 Kh7 49. Qd1 Qe5 50. Qd3+ Kg8 51. Kf2 d5 52. Rg4 Kf7 53. Qg6+ Kf8 54. Qg5 Qb2+ 55. Kf1 Ne6 56. Qxd5 Qc1+ 57. Kf2 Qc2+ 58. Kg3 Qc7+ 59. Kf3 Qc3+ 60. Kg2 1/2-1/2

[Event "GER-ch50 V02 email"]
[Site "GER email"]
[Date "2018.05.15"]
[Round "?"]
[White "Rio, Roland Del"]
[Black "Wurtinger, Rainer"]
[Result "1/2-1/2"]
[WhiteElo "2442"]
[BlackElo "2299"]
[PlyCount "92"]
[EventDate "2018.??.??"]
[EventType "tourn (corr)"]
[EventRounds "10"]
[EventCountry "GER"]
[SourceTitle "Corr 2020"]
[Source "ChessBase"]
[SourceDate "2019.09.30"]
[SourceVersion "1"]
[SourceVersionDate "2019.09.30"]
[SourceQuality "1"]

1. d4 Nf6 2. c4 e6 3. Nf3 d5 4. Nc3 c6 5. Bg5 h6 6. Bh4 dxc4 7. e4 g5 8. Bg3 b5 9. Be2 Bb7 10. h4 g4 11. Ne5 Nbd7 12. Nxd7 Qxd7 13. Be5 Qe7 14. b3 Rg8 15. Qc2 Nd7 16. Bg3 b4 17. Na4 c3 18. a3 a5 19. 0-0 h5 20. Rfd1 Bh6 21. Bc4 Rg6 22. e5 Qd8 23. Be2 Qe7 24. Kh2 Rg7 25. Bc4 Rd8 26. Qe2 Kf8 27. axb4 axb4 28. Bd3 c5 29. Be4 Bxe4 30. Qxe4 cxd4 31. Rxd4 Rg8 32. Rxb4 c2 33. Rc4 c1Q 34. Raxc1 Bxc1 35. Rxc1 Kg7 36. Qe3 Rb8 37. Rc7 Rgc8 38. Ra7 Rd8 39. Nb2 Ra8 40. Nd3 Rxa7 41. Qxa7 Rh8 42. Nf4 Kf8 43. Qd4 Ke8 44. b4 Qd8 45. b5 Qb6 46. Qb4 Qc5 1/2-1/2

[Event "GER MS-274 email"]
[Site "GER email"]
[Date "2018.01.06"]
[Round "?"]
[White "Wurtinger, Rainer"]
[Black "Drude, Dieter"]
[Result "1-0"]
[WhiteElo "2110"]
[BlackElo "2050"]
[PlyCount "87"]
[EventDate "2018.01.15"]
[EventType "tourn (corr)"]
[EventRounds "6"]
[EventCountry "GER"]
[SourceTitle "Corr 2020"]
[Source "ChessBase"]
[SourceDate "2019.09.30"]
[SourceVersion "1"]
[SourceVersionDate "2019.09.30"]
[SourceQuality "1"]

1. d4 d5 2. c4 e6 3. Nf3 Nf6 4. g3 dxc4 5. Bg2 Bd7 6. Ne5 Bc6 7. Nxc6 Nxc6 8. 0-0 Qd7 9. e3 h5 10. Nd2 h4 11. Nxc4 0-0-0 12. Bd2 Nd5 13. b4 Bxb4 14. Bxb4 Ncxb4 15. Qb3 Nc6 16. Rab1 Nb6 17. Rfc1 hxg3 18. hxg3 Rh5 19. a4 Kb8 20. Nb2 e5 21. d5 Nxd5 22. Nd3 Na5 23. Qb2 Ka8 24. Nc5 Qc8 25. Qb5 e4 26. Qxa5 b6 27. Qa6 f5 28. g4 Rh6 29. Qxc8+ Rxc8 30. Nb3 g6 31. Rc6 Ne7 32. Re6 Rh7 33. gxf5 gxf5 34. Rxe4 Kb8 35. Re6 Rg8 36. Kf1 Rhg7 37. Ke2 f4 38. e4 Nd5 39. exd5 Rxg2 40. Nc5 R2g7 41. Nd3 Rg5 42. Nxf4 Rf5 43. Ke3 Rg4 44. Rb4 1-0

[Event "GER MS-264 email"]
[Site "GER email"]
[Date "2017.07.03"]
[Round "?"]
[White "Herzog, Klaus"]
[Black "Wurtinger, Rainer"]
[Result "1/2-1/2"]
[WhiteElo "1920"]
[BlackElo "2110"]
[PlyCount "52"]
[EventDate "2017.07.07"]
[EventType "tourn (corr)"]
[EventRounds "6"]
[EventCountry "GER"]
[SourceTitle "Corr 2020"]
[Source "ChessBase"]
[SourceDate "2019.09.30"]
[SourceVersion "1"]
[SourceVersionDate "2019.09.30"]
[SourceQuality "1"]

1. e4 c5 2. Nf3 d6 3. d4 cxd4 4. Nxd4 Nf6 5. Nc3 a6 6. Bg5 e6 7. f4 Qb6 8. Qd2 Qxb2 9. Rb1 Qa3 10. f5 e5 11. Bxf6 gxf6 12. Nd5 exd4 13. Nc7+ Kd8 14. Nxa8 Qxa2 15. Rb3 Nd7 16. Bc4 Qa1+ 17. Kf2 Qxh1 18. Qa5+ Ke7 19. Nc7 b6 20. Nd5+ Ke8 21. Qa4 Rg8 22. Bf1 b5 23. Rxb5 axb5 24. Qa8 Be7 25. Qxc8+ Bd8 26. Nc7+ Ke7 1/2-1/2

[Event "GER MS-264 email"]
[Site "GER email"]
[Date "2017.07.03"]
[Round "?"]
[White "Wurtinger, Rainer"]
[Black "Schmidt, Joerg"]
[Result "1/2-1/2"]
[WhiteElo "2110"]
[BlackElo "2098"]
[PlyCount "66"]
[EventDate "2017.07.07"]
[EventType "tourn (corr)"]
[EventRounds "6"]
[EventCountry "GER"]
[SourceTitle "Corr 2020"]
[Source "ChessBase"]
[SourceDate "2019.09.30"]
[SourceVersion "1"]
[SourceVersionDate "2019.09.30"]
[SourceQuality "1"]

1. d4 d5 2. c4 c6 3. Nf3 Nf6 4. Nc3 e6 5. Bg5 dxc4 6. e4 b5 7. e5 h6 8. Bh4 g5 9. Nxg5 hxg5 10. Bxg5 Nbd7 11. exf6 Bb7 12. g3 Qb6 13. Bg2 0-0-0 14. 0-0 c5 15. d5 b4 16. Na4 Qb5 17. a3 Nb8 18. axb4 cxb4 19. Qd4 Nc6 20. dxc6 Rxd4 21. cxb7+ Kb8 22. Be3 e5 23. b3 c3 24. Rfd1 Bh6 25. Bxd4 exd4 26. Rxd4 c2 27. Rc4 Qxc4 28. bxc4 Rd8 29. Bf3 c1R+ 30. Rxc1 Bxc1 31. Nc5 Rd6 32. Bd5 a5 33. Kf1 Bb2 1/2-1/2

[Event "GER-ch48 sf05 email"]
[Site "GER email"]
[Date "2016.07.03"]
[Round "?"]
[White "Wurtinger, Rainer"]
[Black "Loeffler, Werner"]
[Result "1/2-1/2"]
[WhiteElo "2292"]
[BlackElo "2354"]
[PlyCount "78"]
[EventDate "2016.??.??"]
[EventType "tourn (corr)"]
[EventRounds "12"]
[EventCountry "GER"]
[SourceTitle "Corr 2017"]
[Source "ChessBase"]
[SourceDate "2017.09.19"]
[SourceVersion "1"]
[SourceVersionDate "2017.09.19"]
[SourceQuality "1"]

1. d4 Nf6 2. c4 g6 3. Nc3 d5 4. cxd5 Nxd5 5. e4 Nxc3 6. bxc3 Bg7 7. Bc4 c5 8. Ne2 Nc6 9. Be3 0-0 10. 0-0 b6 11. dxc5 Qc7 12. Nd4 Ne5 13. Nb5 Qb8 14. Bd5 Ng4 15. g3 Nxe3 16. fxe3 a6 17. Bxa8 axb5 18. Bd5 Qc7 19. cxb6 Qxb6 20. Qe2 e6 21. Bb3 b4 22. a4 Qc6 23. Qc4 Qb6 24. Kf2 Ba6 25. Qxb4 Qd8 26. Rfd1 Qf6+ 27. Kg2 Be2 28. Rf1 Bxf1+ 29. Rxf1 Qd8 30. a5 Qd3 31. Qc4 Qxe3 32. a6 Bxc3 33. Rf3 Qd2+ 34. Rf2 Qd4 35. Rc2 Bb2 36. Qxd4 Bxd4 37. Rd2 Bc5 38. Bc4 Rb8 39. Rc2 Ba7 1/2-1/2

[Event "GER-ch48 sf05 email"]
[Site "GER email"]
[Date "2016.04.03"]
[Round "?"]
[White "Wurtinger, Rainer"]
[Black "Scheiba, Manfred"]
[Result "1/2-1/2"]
[WhiteElo "2099"]
[BlackElo "2121"]
[PlyCount "37"]
[EventDate "2016.??.??"]
[EventType "tourn (corr)"]
[EventRounds "12"]
[EventCountry "GER"]
[SourceTitle "Corr 2022"]
[Source "ChessBase"]
[SourceDate "2021.10.24"]
[SourceVersion "1"]
[SourceVersionDate "2021.10.24"]
[SourceQuality "1"]

1. d4 f5 2. g3 Nf6 3. Bg2 g6 4. Nf3 Bg7 5. 0-0 0-0 6. c4 d6 7. Nc3 c6 8. d5 e5 9. dxe6 Bxe6 10. b3 Na6 11. Ng5 Bc8 12. Bb2 Qe7 13. Qc2 Bd7 14. Rad1 h6 15. Nf3 Be8 16. Rfe1 Rd8 17. e4 fxe4 18. Nxe4 Nxe4 19. Rxe4 1/2-1/2

[Event "GER T236-B06-S email"]
[Site "GER email"]
[Date "2016.03.01"]
[Round "?"]
[White "Hebel, Erich"]
[Black "Wurtinger, Rainer"]
[Result "1/2-1/2"]
[WhiteElo "2021"]
[BlackElo "2099"]
[PlyCount "93"]
[EventDate "2016.03.06"]
[EventType "tourn (corr)"]
[EventRounds "8"]
[EventCountry "GER"]
[SourceTitle "Corr 2020"]
[Source "ChessBase"]
[SourceDate "2019.09.30"]
[SourceVersion "1"]
[SourceVersionDate "2019.09.30"]
[SourceQuality "1"]

1. e4 g6 2. d4 Bg7 3. Nc3 d5 4. exd5 Nf6 5. Bc4 Nbd7 6. Bb3 Nb6 7. Nf3 0-0 8. 0-0 a5 9. a4 Nbxd5 10. Nxd5 Nxd5 11. c3 Bg4 12. h3 Bxf3 13. Qxf3 e6 14. g3 c6 15. h4 b5 16. Rd1 b4 17. Bg5 Qd6 18. Rac1 h6 19. Bd2 Rac8 20. c4 Nf6 21. Bf4 Qd7 22. Rc2 h5 23. Kg2 Ng4 24. Rcd2 Rfe8 25. Bc2 Qe7 26. Be4 e5 27. dxe5 Bxe5 28. Bg5 Qc5 29. b3 Bc3 30. Re2 Re6 31. Bc2 Rxe2 32. Qxe2 Kg7 33. Rd7 Re8 34. Re7 Rxe7 35. Bxe7 Qa7 36. Bg5 Bd4 37. f3 Nf6 38. Qd2 c5 39. Kf1 Qd7 40. Kg2 Nh7 41. Bh6+ Kh8 42. Qe1 Nf6 43. Bd3 Kg8 44. Qe2 Qd8 45. Bg5 Qd7 46. Bf4 Kg7 47. Qd2 1/2-1/2

[Event "GER T236-B06-S email"]
[Site "GER email"]
[Date "2016.03.01"]
[Round "?"]
[White "Hoffmeyer, Falk"]
[Black "Wurtinger, Rainer"]
[Result "1/2-1/2"]
[WhiteElo "2071"]
[BlackElo "2099"]
[PlyCount "75"]
[EventDate "2016.03.06"]
[EventType "tourn (corr)"]
[EventRounds "8"]
[EventCountry "GER"]
[SourceTitle "Corr 2020"]
[Source "ChessBase"]
[SourceDate "2019.09.30"]
[SourceVersion "1"]
[SourceVersionDate "2019.09.30"]
[SourceQuality "1"]

1. e4 g6 2. d4 Bg7 3. c4 Nc6 4. Nf3 e5 5. Bg5 Bf6 6. Be3 exd4 7. Nxd4 Nge7 8. Nc3 0-0 9. Be2 d6 10. 0-0 Nxd4 11. Bxd4 Nc6 12. Bxf6 Qxf6 13. Qd2 Nd4 14. Nd5 Nxe2+ 15. Qxe2 Qd8 16. Qd2 Be6 17. Ne3 f6 18. b3 Qe7 19. Rae1 Qf7 20. f4 f5 21. exf5 Bxf5 22. Qd4 Be6 23. Re2 Qf6 24. Qd3 b6 25. g3 Rae8 26. Rfe1 Qf7 27. h4 a5 28. Qd4 Bc8 29. Nd5 Rxe2 30. Rxe2 Be6 31. Kf2 Bxd5 32. cxd5 Re8 33. Rxe8+ Qxe8 34. Qf6 Qe4 35. Qd8+ Kg7 36. Qxc7+ Kh6 37. Qc4 Qb1 38. a4 1/2-1/2

[Event "GER T236-B06-S email"]
[Site "GER email"]
[Date "2016.03.01"]
[Round "?"]
[White "Wurtinger, Rainer"]
[Black "Hebel, Erich"]
[Result "1/2-1/2"]
[WhiteElo "2099"]
[BlackElo "2021"]
[PlyCount "76"]
[EventDate "2016.03.06"]
[EventType "tourn (corr)"]
[EventRounds "8"]
[EventCountry "GER"]
[SourceTitle "Corr 2020"]
[Source "ChessBase"]
[SourceDate "2019.09.30"]
[SourceVersion "1"]
[SourceVersionDate "2019.09.30"]
[SourceQuality "1"]

1. e4 g6 2. d4 Bg7 3. Nf3 d6 4. Nc3 Nf6 5. Be2 0-0 6. 0-0 c6 7. h3 Nbd7 8. a4 Qc7 9. Be3 e5 10. dxe5 Nxe5 11. Ng5 h6 12. Nf3 Rd8 13. Qc1 Nxf3+ 14. Bxf3 Kh7 15. Bd4 Be6 16. a5 d5 17. exd5 Bxd5 18. Nxd5 Nxd5 19. Bxg7 Kxg7 20. c4 Nf6 21. Qc3 a6 22. Rfd1 Rxd1+ 23. Rxd1 Re8 24. b4 Qe5 25. Qxe5 Rxe5 26. Kf1 Kf8 27. Re1 Rxe1+ 28. Kxe1 Ke7 29. Kd2 Ne8 30. g3 Ng7 31. Ke3 g5 32. Ke4 Ke6 33. Be2 f5+ 34. Ke3 Ke7 35. f4 gxf4+ 36. gxf4 Ne6 37. Bf1 Kd6 38. Bg2 Ke7 1/2-1/2

[Event "GER T236-B06-S email"]
[Site "GER email"]
[Date "2016.03.01"]
[Round "?"]
[White "Wurtinger, Rainer"]
[Black "Hoffmeyer, Falk"]
[Result "1/2-1/2"]
[WhiteElo "2099"]
[BlackElo "2071"]
[PlyCount "96"]
[EventDate "2016.03.06"]
[EventType "tourn (corr)"]
[EventRounds "8"]
[EventCountry "GER"]
[SourceTitle "Corr 2020"]
[Source "ChessBase"]
[SourceDate "2019.09.30"]
[SourceVersion "1"]
[SourceVersionDate "2019.09.30"]
[SourceQuality "1"]

1. e4 g6 2. d4 Bg7 3. Nf3 d6 4. c4 Nf6 5. Nc3 0-0 6. Be2 e5 7. 0-0 Nc6 8. d5 Ne7 9. b4 Nh5 10. Re1 f5 11. Ng5 Nf6 12. f3 c6 13. Be3 Bh6 14. h4 cxd5 15. cxd5 Bd7 16. Rc1 a6 17. b5 Bxb5 18. Bxb5 axb5 19. Rb1 Ra3 20. Nxb5 Rxe3 21. Rxe3 Qb6 22. Rbb3 Nd7 23. Kh2 Nc5 24. Qg1 Bxg5 25. hxg5 Nxb3 26. Rxb3 Qd8 27. Qe3 Qd7 28. a4 Ra8 29. Rb4 Rf8 30. Rb1 Ra8 31. Qa3 Rd8 32. a5 Kf7 33. Qb2 Kf8 34. Kg1 Kf7 35. Qc3 Rc8 36. Qa3 Rd8 37. Qb4 Kf8 38. Nc3 Rc8 39. exf5 gxf5 40. Qxb7 Qxb7 41. Rxb7 Rxc3 42. a6 Ra3 43. a7 Nc8 44. Rb8 Rxa7 45. Rxc8+ Kf7 46. Rd8 Ra6 47. g4 fxg4 48. fxg4 Kg6 1/2-1/2